000 00711nam a2200145 a 4500
008 081202s1969 ||||||||||||||||| || u
050 _aGOV.ZAM(058)RBS/1967
110 _aGovernment of the Republic of Zambia (GRZ)
245 1 0 _aRegistrar of Building Societies annual report 1967
_cOffice of the Vice-President
260 _aLusaka
_bGovernment Printer
_c1969
350 _a0.00
500 _aBind together with "Division of Provincial Administration and Rural Development annual report 1977
650 _aRURAL DEVELOPMENT--ZAMBIA--ANNUAL REPORTS
995 _D0.00
_FCBU-MAIN LIBRARY (Kitwe)
_H1
_I0.00
_M1
_UAVAILABLE
_WDec 2, 2008
_ZZambiana Collection
999 _c55943
_d55943